Komerčná ruština v praxi

Saved in:
Bibliographic Details
Main Author: Šebestová, Valentína Petrovna
Other Authors: Šebesta, Juraj
Format: Book
Language:Slovak
Russian
Published: Bratislava ELITA 1999
Subjects:
Tags: Add Tag
No Tags, Be the first to tag this record!

MARC

LEADER 00000nam a2200000 4500
001 c116635
005 20221028081322.5
020 |a 80-8044-052-2 
041 0 |a slo 
041 0 |a rus 
044 |a SK 
245 1 0 |a Komerčná ruština v praxi  |c Valentína Šebestová - Juraj Šebesta 
264 1 |a Bratislava  |b ELITA  |c 1999 
300 |a 336 s. 
610 2 0 |a jazykoveda 
610 2 0 |a terminológia 
610 2 0 |a korešpondencia 
610 2 0 |a administratíva 
610 2 0 |a komunikácia 
100 1 |a Šebestová, Valentína Petrovna 
700 1 |a Šebesta, Juraj